Movies Quiz

Random Movies Quiz

Movies by Quotes Quiz Stats

 Plays Quiz not verified by Sporcle

Challenge
Share
Tweet
Embed
Score 0/29 Timer 10:00
0 Plays Today
Quote Movie % Correct
'The first rule of ________ is, you do not talk about _______'Fight Club
92.9%
'Wax on, Wax off!'The Karate Kid
85.3%
'Heres looking at you, kid'Casablanca
80%
'Nobody puts baby in the corner!'Dirty Dancing
78.8%
'This one time at bandcamp'American Pie
78.2%
'Your gonna need a bigger boat'Jaws
75.3%
'My Precious...'Lord of the Rings
74.7%
'You take the blue pill - the story ends, you wake up in your bed and believe whatever you want to believe.'The Matrix
70.6%
'From forth the fatal loins of these two foes, a pair of star-crossed lovers take their life. 'Romeo & Juliet
68.2%
Dear Mr. Vernon, we accept the fact that we had to sacrifice a whole Saturday in detention for whatever it was we did wrong. What we did *was* wrong. 'The Breakfast Club
67.6%
'Some say his heart grew three sizes that day'How The Grinch Stole Christmas
64.7%
'I caught my reflection in a spoon while I was eating my cereal, and I remember thinking 'wow, you're ridiculously good looking, maybe you could do that for a career.''Zoolander
58.2%
'That's right. When I was your age, television was called books. And this is a special book. It was the book my father used to read to me when I was sick'The Princess Bride
52.4%
'I said: Brr it's cold in here! There Must be some toros in the atmosphere!'Bring It On
50%
“This job would be great if it wasn’t for the f*cking customers”Clerks
49.4%
Quote Movie % Correct
'How dare you open a Space man's helmet on an uncharted planet? My eyeballs could have been sucked from of their sockets! 'Toy Story
47.6%
'Last night, Darth Vader came down from planet Vulcan and told me that if I didn't take Lorraine out that he'd melt my brain. 'Back To the Future
46.5%
'I'm one stomache flu away from reaching my goal weight'The Devil Wears Prada
41.2%
'I trained all those would-be heroes. Odysseus, Perseus, Theseus. A lot of 'yeuseus.' And every one of those bums let me down flatter than a discus.'Hercules
38.8%
'Earmuffs!'Old School
38.2%
'The Rain in Spain stays mainly in the plain'My Fair Lady
37.1%
'From the oldest of times, people danced for a number of reasons. They danced in prayer... or so that their crops would be plentiful... or so their hunt would be good. 'Footloose
25.3%
'She's gone. She gave me a pen. I gave her my heart, she gave me a pen.'Say Anything
21.8%
'First she steals my publicity. Then she steals my lawyer, my trial date. And now she steals my goddamn garter. 'Chicago
20%
'Louis: You see that old woman? That will never happen to you. You will never grow old, and you will never die. Claudia: And it means something else too, doesn't it?'Interview With a Vampire
15.3%
'If I had a world of my own, everything would be nonsense. Nothing would be what it is because everything would be what it isn't.'Alice in Wonderland
15.3%
'Hello Daddy, Hello Mom, I'm your ch-ch-ch-ch-ch-ch-ch Cherry Bomb!The Runaways
14.7%
'Have you ever made love on a real train?'Risky Business
13.5%
'Heroin, peppermint flavoured heroin!'Charade
0.6%

You're not logged in!

Compare scores with friends on all Sporcle quizzes.
OR
Log In

You Might Also Like...

Show Comments

Extras

Created Aug 6, 2010ReportNominate

Top Quizzes Today


Score Distribution

Your Account Isn't Verified!

In order to create a playlist on Sporcle, you need to verify the email address you used during registration. Go to your Sporcle Settings to finish the process.

Report this User

Report this user for behavior that violates our Community Guidelines.

Details: